| 000 | 00581nam a2200181Ia 4500 | ||
|---|---|---|---|
| 008 | 100920s9999 xx 000 0 und d | ||
| 082 |
_b74520 _a28 व ... थ 97 |
||
| 100 | _aसाने गुरूजी. | ||
| 245 | _aयज्ञ. | ||
| 260 |
_bइंद्रायणी साहित्य प्रकाशन ,पुणे 30. _c1997 |
||
| 300 |
_a58 _bसाधी |
||
| 365 | _b15 | ||
| 520 | _aबा.वि.कादंबरी. | ||
| 630 | _aयज्ञ. | ||
| 650 | _aबा.वि.कादंबरी. | ||
| 730 | _aयज्ञ. | ||
| 942 | _cBOOK | ||
| 999 |
_c716115 _d716112 |
||